000 00534nam a2200229Ia 4500
003 OSt
005 20220928141506.0
006 a|||||r|||| 00| 0
007 ta
008 220927b |||||||| |||| 00| 0 eng d
024 _a15513
037 _cTextual
040 _aSDCL
_cSDCL
_beng
041 _2eng
_aeng
082 _aB32, K1
100 _aWidder David V
_9373154
245 0 _aAdvanced calculus.
250 _a2
260 _c1961
942 _hB32, K1
_cTEXL
_2CC
999 _c817913
_d817913